000 00706cam a2200229 4500
001 WB3645-30
008 000000n2000 000 0 eng u
035 _a(Sirsi) u109387
245 _aUrban White Paper in right direction
260 _c2000
490 _aRICS Press Release
_v(pr131) 16 November 2000 (2)
520 _aRICS says Urban White Paper is moving in the right direction in support of urban renewal. Outlines issues that still need greater direction.
590 _aWB
650 _aURBAN PRIORITY AREAS
650 _aURBAN WHITE PAPER
650 _aRICS COMMENT
650 _aURBAN RENEWAL
650 _aFUNDING
650 _aTAX RELIEF
690 _aREGENERATION
942 _n0
999 _c65298
_d65298